| 000 | 00522nam a2200145Ia 4500 | ||
|---|---|---|---|
| 999 |
_c14078 _d14078 |
||
| 082 | _aTR.0117 | ||
| 100 | _aReddy, S. Rami | ||
| 245 | 0 | _aFarm credit through cooperatives in India : A case study of a region in Andhra Pradesh | |
| 260 |
_c1976 _bAndhra University |
||
| 300 | _a314p. + C D - 52 | ||
| 650 | _aAGRICULTURAL COOPERATIVE CREDIT ASSOCIATIONS - ANDHRA PRADESH - VISHAKHAPATNAM DISTRICT | ||
| 650 | _aAGRICULTURAL CREDIT - ANDHRA PRADESH - VISHAKHAPATNAM DISTRICT | ||
| 710 | _aRamana, K.V. | ||
| 942 |
_cTH _2ddc |
||